000 00641nam a22002177a 4500
003 UA-OsUOA
001 120680
007 ta
008 20170209b un ||||| |||| 00| 0 ukr d
100 _aРиндзак О.Т.
090 _a330(477)
_bР51
942 _cSA
040 _aUA-OsUOA
_bukr
_cUA-OsUOA
_dUA-OsUOA
245 _aДержавна міграційна політика в контексті пріоритетів національної безпеки України
300 _aС.72-82
955 _a0
041 _aukr
080 _a330(477)
773 0 _w120674
650 7 _a330 Економіка взагалі
_2UDC
999 _c406541
_d406541